A carregar...

Brand society: how brands transform management and lifestyle./

Detalhes bibliográficos
Autor principal: Kornberger, Martin
Formato: Printed Book
Idioma:English
Publicado em: 2010. Cambridge 2011
Assuntos:
LEADER 00670 a2200181 4500
008 131213b xxu||||| |||| 00| 0 eng d
020 |a 9781107674875 
082 |a 658.827 
100 |a Kornberger, Martin 
245 |a Brand society:  |b how brands transform management and lifestyle./  |c Martin Kornberger. 
260 |c 2011  |b Cambridge  |a 2010. 
300 |a xx,300p.  |c 23cm. 
650 |a Brand name products. 
650 |a Brand name products-Management. 
650 |a Popular culture. 
942 |2 ddc  |c BK 
999 |c 100261  |d 100261 
952 |0 0  |1 0  |4 0  |6 658_827000000000000_KOR_B  |7 0  |9 99946  |a UL  |b UL  |c ST1  |d 2013-06-07  |e 2  |g 371.25  |l 2  |o 658.827 KOR/B  |p 89034  |r 2016-07-31  |s 2016-06-26  |v 495.00  |y BK